Reaching teens : strength-based communication strategies to build resilience and support healthy adolescent development. 19.6, The easiest way to be culturally humble : saying, "teach me about you." Singh, Diaz, Bell. /

This instructional video, from the "Reaching Teens: Strength-Based Communication Strategies to Build Resilience and Support Healthy Adolescent Development" series produced by the American Academy of Pediatrics, is about being culturally humble by asking teenagers about themselves.

Bibliographic Details
Format: Video
Language:English
Language Notes:In English.
Published: Elk Grove Village, Ill. : American Academy of Pediatrics, 2014.
Series:Academic Video Online
Subjects:
Online Access:Connect to this streaming video (Alexander Street Press)

MARC

Tag First Indicator Second Indicator Subfields
LEADER 00000cgm a2200000Mi 4500
001 in00005552011
006 m o c
007 cr |n||||||||a
007 vz |za|z|
008 170801s2014 ilu002 e o vueng d
005 20241201230625.0
035 |a (OCoLC)on1000198891 
040 |a ALSTP  |b eng  |e rda  |e pn  |c ALSTP  |d OCLCO  |d OCLCF  |d UPM  |d II2  |d IDJ  |d OCLCQ  |d OCLCO  |d CAUOI  |d WYU  |d S9I  |d OCLCA  |d OCLCO  |d OCLCL  |d NUI 
019 |a 1430875488  |a 1444009330 
035 |a (OCoLC)1000198891  |z (OCoLC)1430875488  |z (OCoLC)1444009330 
043 |a n-us--- 
049 |a TXAM 
245 0 0 |a Reaching teens :  |b strength-based communication strategies to build resilience and support healthy adolescent development.  |n 19.6,  |p The easiest way to be culturally humble : saying, "teach me about you." Singh, Diaz, Bell. /  |c [produced by] American Academy of Pediatrics. 
264 1 |a Elk Grove Village, Ill. :  |b American Academy of Pediatrics,  |c 2014. 
300 |a 1 online resource (2 min.) 
306 |a 000204 
336 |a two-dimensional moving image  |b tdi  |2 rdacontent 
337 |a video  |b v  |2 rdamedia 
337 |a computer  |b c  |2 rdamedia 
338 |a other  |b vz  |2 rdacarrier 
338 |a online resource  |b cr  |2 rdacarrier 
347 |a data file  |2 rda 
380 |a Videorecording 
490 0 |a Academic Video Online 
500 |a Title from resource description page (viewed August 01, 2017). 
511 0 |a Nimi Singh, Angela Diaz, David L. Bell. 
520 |a This instructional video, from the "Reaching Teens: Strength-Based Communication Strategies to Build Resilience and Support Healthy Adolescent Development" series produced by the American Academy of Pediatrics, is about being culturally humble by asking teenagers about themselves. 
546 |a In English. 
650 0 |a Youth  |x Services for  |z United States. 
650 0 |a Intercultural communication. 
650 0 |a Cultural competence. 
650 6 |a Jeunesse  |x Services  |z États-Unis. 
650 6 |a Compétence culturelle. 
650 7 |a Cultural competence.  |2 fast  |0 (OCoLC)fst01748449 
650 7 |a Intercultural communication.  |2 fast  |0 (OCoLC)fst00976084 
650 7 |a Youth  |x Services for.  |2 fast  |0 (OCoLC)fst01183511 
651 7 |a United States.  |2 fast  |0 (OCoLC)fst01204155  |1 https://id.oclc.org/worldcat/entity/E39PBJtxgQXMWqmjMjjwXRHgrq 
655 7 |a Educational films.  |2 fast  |0 (OCoLC)fst01726235 
655 7 |a Film excerpts.  |2 fast  |0 (OCoLC)fst01726130 
655 7 |a Film excerpts.  |2 lcgft 
655 7 |a Educational films.  |2 lcgft 
655 7 |a Films éducatifs.  |2 rvmgf 
710 2 |a American Academy of Pediatrics,  |e production company. 
856 4 0 |u http://proxy.library.tamu.edu/login?url=https://www.aspresolver.com/aspresolver.asp?MARC;3276087  |z Connect to this streaming video (Alexander Street Press)  |t 0 
955 |a Alexander Street Press subscription streaming video 
994 |a 92  |b TXA 
999 f f |s b2d812ec-fd43-4965-974f-0828c6adcc4a  |i e8f85744-8340-4b60-8031-d2e307e70229  |t 0 
952 f f |a Texas A&M University  |b College Station  |c Electronic Resources  |d Available Online  |t 0  |h Library of Congress classification 
998 f f |t 0  |l Available Online